00511nam a2200193 a 4500001001300000003000900013005001700022008004100039020002300080082001800103100001800121245005200139260003600191300000900227500003500236505001000271650001800281700001800299nice12345678IN_TiNIC20260116014055.0050524s2002 newa grp 000 0 eng  a1842774 c30000a341.7588bBEL aBello, Walden aDeglobalization, Ideas for a New World Economic aNew DelhibLeft Word Bookc2002 a132p aincludes index and biblioraphy2 aIndex aGlobalization1 aBello, Walden